MARC
|
|
|
|
| LEADER |
00000nam0a2200000 4500 |
| 001 |
273347 |
| 005 |
20231101234624.0 |
| 035 |
|
|
|a (RuTPU)RU\TPU\book\296556
|
| 090 |
|
|
|a 273347
|
| 100 |
|
|
|a 20141024d1960 k y0rusy50 ca
|
| 101 |
0 |
|
|a rus
|
| 102 |
|
|
|a RU
|
| 105 |
|
|
|a a z 000zy
|
| 200 |
1 |
|
|a Практика проектирования и строительства жилых и гражданских зданий за рубежом
|f М. А. Сорокин
|
| 210 |
|
|
|a Москва
|c Изд-во Министерства коммунального хозяйства РСФСР
|d 1960
|
| 215 |
|
|
|a 108 с.
|c ил.
|
| 606 |
1 |
|
|a Здания и сооружения
|2 stltpush
|3 (RuTPU)RU\TPU\subj\11661
|9 38579
|
| 606 |
1 |
|
|a Градостроительство
|2 stltpush
|3 (RuTPU)RU\TPU\subj\8465
|9 35873
|
| 610 |
1 |
|
|a проектирование
|
| 610 |
1 |
|
|a строительство
|
| 610 |
1 |
|
|a жилые здания
|
| 610 |
1 |
|
|a гражданские здания
|
| 610 |
1 |
|
|a высотные здания
|
| 610 |
1 |
|
|a конструкции
|
| 610 |
1 |
|
|a оборудование
|
| 610 |
1 |
|
|a организация
|
| 675 |
|
|
|a 624.903.3
|v 3
|
| 675 |
|
|
|a 711
|v 3
|
| 700 |
|
1 |
|a Сорокин
|b М. А.
|
| 801 |
|
1 |
|a RU
|b 63413507
|c 20141024
|
| 801 |
|
2 |
|a RU
|b 63413507
|c 20150113
|g RCR
|
| 942 |
|
|
|c BK
|